| 000 | 00429nam a2200169Ia 4500 | ||
|---|---|---|---|
| 003 | IN-BaIIA | ||
| 008 | 211028s9999 xx 000 0 eng d | ||
| 040 | _cIIA Library | ||
| 080 |
_a550 _bSIT |
||
| 100 |
_aSitter, L U De _93228 |
||
| 245 | 0 |
_aStructural geology _cL. U. de Sitter |
|
| 260 |
_aLondon _bMcGraw-Hill _c1956 |
||
| 300 | _a552p. | ||
| 650 | _aAstronomy and Astrophysics Thesaurus | ||
| 650 | _aGeology | ||
| 942 | _cBK | ||
| 999 |
_c1612 _d1612 |
||